Prepare to be patient (Record no. 82826)

MARC details
000 -LEADER
fixed length control field 00576cab a22001935a 4500
001 - CONTROL NUMBER
control field L151597
008 - FIXED-LENGTH DATA ELEMENTS--GENERAL INFORMATION
fixed length control field 101122e20101119xxk 000 0 eng d
035 ## - SYSTEM CONTROL NUMBER
System control number (Sirsi) u151597
041 0# - LANGUAGE CODE
Language code of text/sound track or separate title eng
100 1# - MAIN ENTRY--PERSONAL NAME
Personal name Hill, Chris
245 00 - TITLE STATEMENT
Title Prepare to be patient
490 ## - SERIES STATEMENT
Series statement Building
Volume/sequential designation 275 (8655) 19 November 2010, 56(1)
520 ## - SUMMARY, ETC.
Summary, etc. Considers the opportunities and challenges in Libya in the context of its legal system; competition; business style; constitution; arbitration.
590 ## - LOCAL NOTE (RLIN)
Local note KA
651 #4 - SUBJECT ADDED ENTRY--GEOGRAPHIC NAME
Geographic name Libya
651 #4 - SUBJECT ADDED ENTRY--GEOGRAPHIC NAME
Geographic name Africa
690 ## - LOCAL SUBJECT ADDED ENTRY--TOPICAL TERM (OCLC, RLIN)
Topical term or geographic name as entry element MANAGEMENT
942 ## - ADDED ENTRY ELEMENTS (KOHA)
Suppress in OPAC 0
Holdings
Withdrawn status Lost status Source of classification or shelving scheme Damaged status Not for loan Home library Current library Shelving location Date acquired Total Checkouts Full call number Barcode Date last seen Copy number Price effective from Koha item type
    Dewey Decimal Classification     London London Journal article 22/11/2010   L151597 151597-1001 06/08/2019 1 06/08/2019 Journal article